[Event "Winnipeg TNT January op"]
[Site "Winnipeg CAN"]
[Date "2013.01.29"]
[Round "4"]
[White "Reimer, Bruce"]
[Black "Platt, Alex"]
[Result "1/2-1/2"]
[WhiteElo "1637"]
[BlackElo "1905"]
[PlyCount "70"]
[GameId "2160767909410935"]
[EventDate "2013.01.08"]
[EventType "swiss"]
[EventRounds "4"]
[EventCountry "CAN"]
[SourceTitle "EXT 2022"]
[Source "ChessBase"]
[SourceDate "2021.10.06"]
[SourceVersion "1"]
[SourceVersionDate "2021.10.06"]
[SourceQuality "1"]

1. c4 c5 2. g3 Nc6 3. Bg2 g6 4. Nc3 Bg7 5. e4 Nf6 6. Nge2 O-O 7. O-O d6 8. d3 e5 9. Be3 a6 10. Qd2 Ng4 11. Nd5 Nxe3 12. fxe3 Bd7 13. Rf2 Rb8 14. Raf1 f5 15. exf5 Rxf5 16. Nec3 b5 17. Ne4 Rxf2 18. Qxf2 Bf5 19. h4 h6 20. g4 Be6 21. Ndf6+ Kh8 22. g5 h5 23. Qe2 Ne7 24. Nxh5 Nf5 25. Nxg7 Nxg7 26. Rf6 Kh7 27. Bf3 bxc4 28. dxc4 Bxc4 29. Qxc4 d5 30. Qc3 dxe4 31. Bxe4 Qd1+ 32. Kf2 Rd8 33. Bxg6+ Kh8 34. Kg3 Qg1+ 35. Kf3 Qh1+ 1/2-1/2

[Event "Winnipeg TNT January op"]
[Site "Winnipeg CAN"]
[Date "2013.01.29"]
[Round "4"]
[White "Towns, Barry"]
[Black "Kernetsky, Myron"]
[Result "0-1"]
[WhiteElo "1668"]
[BlackElo "2064"]
[PlyCount "48"]
[GameId "2160767909410937"]
[EventDate "2013.01.08"]
[EventType "swiss"]
[EventRounds "4"]
[EventCountry "CAN"]
[SourceTitle "EXT 2022"]
[Source "ChessBase"]
[SourceDate "2021.10.06"]
[SourceVersion "1"]
[SourceVersionDate "2021.10.06"]
[SourceQuality "1"]

1. e4 e6 2. Nf3 d5 3. exd5 exd5 4. d4 Bd6 5. c4 Nf6 6. Nc3 O-O 7. cxd5 Nbd7 8. Be2 Nb6 9. Bg5 Be7 10. O-O Nbxd5 11. Re1 c6 12. Qb3 Nb6 13. Rad1 Be6 14. Qc2 Re8 15. Ne5 Nbd5 16. Nxd5 Nxd5 17. Bxe7 Rxe7 18. f4 Ne3 19. Qe4 Nxd1 20. Bd3 f5 21. Qf3 Qxd4+ 22. Kf1 Nxb2 23. Nxc6 bxc6 24. Bxf5 Bc4+ 0-1

[Event "Winnipeg TNT January op"]
[Site "Winnipeg CAN"]
[Date "2013.01.29"]
[Round "4"]
[White "Trueman, Francis"]
[Black "Boron, Anthony"]
[Result "0-1"]
[WhiteElo "1460"]
[BlackElo "1970"]
[PlyCount "60"]
[GameId "2160767909410938"]
[EventDate "2013.01.08"]
[EventType "swiss"]
[EventRounds "4"]
[EventCountry "CAN"]
[SourceTitle "EXT 2022"]
[Source "ChessBase"]
[SourceDate "2021.10.06"]
[SourceVersion "1"]
[SourceVersionDate "2021.10.06"]
[SourceQuality "1"]

1. Nf3 d5 2. d3 Nf6 3. Nbd2 c5 4. g3 Nc6 5. Bg2 e5 6. e4 dxe4 7. dxe4 Bg4 8. O-O Be7 9. Qe2 O-O 10. c3 Re8 11. a4 Bh5 12. Nc4 h6 13. Qc2 Bf8 14. h4 a6 15. Nh2 b5 16. Nd2 Qc7 17. Kh1 Rad8 18. Rg1 Be2 19. Bf1 Bxf1 20. Ndxf1 b4 21. Qe2 Qb7 22. Qf3 Na5 23. Bxh6 Qxe4 24. Qxe4 Nxe4 25. Be3 bxc3 26. bxc3 Nb3 27. Rb1 c4 28. Re1 Nxc3 29. Bb6 Rc8 30. g4 Nxa4 0-1

[Event "Winnipeg TNT January op"]
[Site "Winnipeg CAN"]
[Date "2013.01.29"]
[Round "4"]
[White "Valentino, Marcos"]
[Black "Melamedoff, Gustavo"]
[Result "1-0"]
[WhiteElo "2260"]
[BlackElo "2060"]
[PlyCount "72"]
[GameId "2160767909410939"]
[EventDate "2013.01.08"]
[EventType "swiss"]
[EventRounds "4"]
[EventCountry "CAN"]
[SourceTitle "EXT 2022"]
[Source "ChessBase"]
[SourceDate "2021.10.06"]
[SourceVersion "1"]
[SourceVersionDate "2021.10.06"]
[SourceQuality "1"]

1. d4 Nf6 2. c4 e6 3. Nf3 c5 4. g3 cxd4 5. Nxd4 Bb4+ 6. Bd2 Bc5 7. Bc3 Ne4 8. Bg2 Nxc3 9. bxc3 O-O 10. O-O Nc6 11. Nb3 Be7 12. N1d2 b6 13. a4 a5 14. Nd4 Ba6 15. Nxc6 dxc6 16. Bxc6 Rc8 17. Bb5 Bb7 18. Qc2 Rc5 19. Rad1 Qa8 20. f3 Bg5 21. Nb3 Be3+ 22. Kg2 Rh5 23. Rd3 Be4 24. fxe4 Qxe4+ 25. Rf3 Qg4 26. Rdxe3 Qh3+ 27. Kf2 Qxh2+ 28. Ke1 Qg1+ 29. Kd2 Rh1 30. Kd3 Rd8+ 31. Nd4 Qa1 32. Ke4 f5+ 33. Kf4 g5+ 34. Kxg5 Rc1 35. Nb3 Qa3 36. Qxc1 h6+ 1-0

[Event "Winnipeg TNT January op"]
[Site "Winnipeg CAN"]
[Date "2013.01.29"]
[Round "4"]
[White "Wasserman, Leor"]
[Black "Czarny, Keith"]
[Result "1-0"]
[WhiteElo "1962"]
[BlackElo "1663"]
[PlyCount "67"]
[GameId "2160767909410940"]
[EventDate "2013.01.08"]
[EventType "swiss"]
[EventRounds "4"]
[EventCountry "CAN"]
[SourceTitle "EXT 2022"]
[Source "ChessBase"]
[SourceDate "2021.10.06"]
[SourceVersion "1"]
[SourceVersionDate "2021.10.06"]
[SourceQuality "1"]

1. e4 Nf6 2. e5 Nd5 3. c4 Nb6 4. d4 d6 5. exd6 cxd6 6. Nf3 g6 7. Be2 Bg7 8. O-O O-O 9. Nc3 Bg4 10. Be3 Nc6 11. b3 f5 12. Qd2 e5 13. d5 Bxf3 14. Bxf3 Nd4 15. Bxd4 exd4 16. Nb5 Qf6 17. Rad1 Nd7 18. Nc7 Rac8 19. Ne6 Rfe8 20. Nxd4 Ne5 21. Be2 Re7 22. f4 Nd7 23. Ne6 Rce8 24. Bf3 Bh8 25. Qb4 Nf8 26. Qxd6 Rd7 27. Qc5 b6 28. Qc6 Qe7 29. Nxf8 Kxf8 30. Rfe1 Bd4+ 31. Kf1 Qg7 32. Rxe8+ Kxe8 33. Re1+ Kd8 34. d6 1-0

[Event "Winnipeg TNT July op"]
[Site "Winnipeg CAN"]
[Date "2013.07.02"]
[Round "1"]
[White "De Groot, Steven"]
[Black "Leaden, Bruce"]
[Result "1-0"]
[WhiteElo "1995"]
[BlackElo "1605"]
[PlyCount "65"]
[GameId "2160767909339172"]
[EventDate "2013.07.02"]
[EventType "swiss"]
[EventRounds "5"]
[EventCountry "CAN"]
[SourceTitle "EXT 2022"]
[Source "ChessBase"]
[SourceDate "2021.10.06"]
[SourceVersion "1"]
[SourceVersionDate "2021.10.06"]
[SourceQuality "1"]

1. c4 Nf6 2. Nc3 g6 3. g3 Bg7 4. Bg2 O-O 5. d4 d6 6. Nf3 c6 7. O-O a5 8. h3 Na6 9. e4 c5 10. d5 Nd7 11. Bg5 h6 12. Be3 Ne5 13. Nxe5 Bxe5 14. Bxh6 Bg7 15. Bxg7 Kxg7 16. f4 Rh8 17. f5 Rh6 18. Qf3 f6 19. Ne2 g5 20. h4 Qh8 21. hxg5 fxg5 22. Qg4 Kf6 23. Nc3 Rh5 24. Bf3 Rh6 25. e5+ dxe5 26. Ne4+ Kf7 27. Qxg5 Qg7 28. Bh5+ Kg8 29. Bg6 Bd7 30. Kg2 Rf8 31. Rh1 Bxf5 32. Qxh6 Bxe4+ 33. Bxe4 1-0

[Event "Winnipeg TNT July op"]
[Site "Winnipeg CAN"]
[Date "2013.07.02"]
[Round "1"]
[White "Dykman, Tony"]
[Black "Swift, Ryne"]
[Result "0-1"]
[WhiteElo "1301"]
[BlackElo "1934"]
[PlyCount "52"]
[GameId "2160767909339173"]
[EventDate "2013.07.02"]
[EventType "swiss"]
[EventRounds "5"]
[EventCountry "CAN"]
[SourceTitle "EXT 2022"]
[Source "ChessBase"]
[SourceDate "2021.10.06"]
[SourceVersion "1"]
[SourceVersionDate "2021.10.06"]
[SourceQuality "1"]

1. e4 e5 2. Nf3 Nc6 3. Bb5 a6 4. Ba4 Nf6 5. Nc3 b5 6. Bb3 d6 7. O-O Be7 8. a3 Bg4 9. Re1 O-O 10. d3 Bxf3 11. Qxf3 Nd4 12. Qd1 Nxb3 13. cxb3 c5 14. Be3 d5 15. Nxd5 Nxd5 16. exd5 Qxd5 17. Re2 Bf6 18. Rc1 Rac8 19. Rec2 Be7 20. b4 c4 21. Rc3 Rfd8 22. b3 Bf6 23. bxc4 bxc4 24. Rxc4 Rxc4 25. Qb3 Rxc1+ 26. Bxc1 Qxb3 0-1

[Event "Winnipeg TNT July op"]
[Site "Winnipeg CAN"]
[Date "2013.07.02"]
[Round "1"]
[White "Melamedoff, Gustavo"]
[Black "Towns, Barry"]
[Result "1-0"]
[WhiteElo "2115"]
[BlackElo "1721"]
[PlyCount "57"]
[GameId "2160767909339175"]
[EventDate "2013.07.02"]
[EventType "swiss"]
[EventRounds "5"]
[EventCountry "CAN"]
[SourceTitle "EXT 2022"]
[Source "ChessBase"]
[SourceDate "2021.10.06"]
[SourceVersion "1"]
[SourceVersionDate "2021.10.06"]
[SourceQuality "1"]

1. c4 Nf6 2. Nc3 e6 3. d4 d5 4. Nf3 c5 5. cxd5 exd5 6. Bg5 Nc6 7. g3 cxd4 8. Nxd4 Bb4 9. Bg2 Qa5 10. O-O Ne4 11. Nxe4 dxe4 12. Nxc6 bxc6 13. Bxe4 O-O 14. Bf4 Bh3 15. Bg2 Bxg2 16. Kxg2 Rad8 17. Qc2 g5 18. Be3 Bd2 19. Qc5 Qxc5 20. Bxc5 Rfe8 21. e3 a5 22. Rfd1 Rd3 23. Kf3 f5 24. Bd4 f4 25. gxf4 gxf4 26. Rg1+ Kf7 27. Rg7+ Kf8 28. Rag1 fxe3 29. Bc5+ 1-0

[Event "Winnipeg TNT July op"]
[Site "Winnipeg CAN"]
[Date "2013.07.02"]
[Round "1"]
[White "Reimer, Bruce"]
[Black "Mundwiler, Les"]
[Result "0-1"]
[WhiteElo "1609"]
[BlackElo "2033"]
[PlyCount "101"]
[GameId "2160767909339176"]
[EventDate "2013.07.02"]
[EventType "swiss"]
[EventRounds "5"]
[EventCountry "CAN"]
[SourceTitle "EXT 2022"]
[Source "ChessBase"]
[SourceDate "2021.10.06"]
[SourceVersion "1"]
[SourceVersionDate "2021.10.06"]
[SourceQuality "1"]

1. c4 c5 2. g3 Nc6 3. Bg2 Nf6 4. Nc3 e6 5. e4 b6 6. Nge2 Bb7 7. O-O Rb8 8. d3 h6 9. a3 Be7 10. Rb1 O-O 11. h3 a6 12. Be3 Ba8 13. Qd2 b5 14. b3 b4 15. axb4 cxb4 16. Na4 d5 17. exd5 exd5 18. c5 d4 19. Bf4 Rb5 20. Rfc1 Nd5 21. Bxh6 gxh6 22. Qxh6 Bg5 23. Qh5 Bxc1 24. Bxd5 Qg5 25. Qf3 Ne5 26. Qe4 Bxd5 27. Qxd5 Be3 28. fxe3 Qxe3+ 29. Kf1 Qxd3 30. Rb2 Re8 31. Nb6 Qf5+ 32. Nf4 Ra5 33. Qxd4 Ng6 34. Rf2 Qxc5 35. Qd7 Qb5+ 36. Kg2 Qxd7 37. Nxd7 Re7 38. Nf6+ Kf8 39. Nxg6+ fxg6 40. Nd5+ Ke8 41. Nxe7 Kxe7 42. Rf4 Rb5 43. Kf3 a5 44. Ke3 Rc5 45. Kd3 Rc3+ 46. Kd2 Rxb3 47. Re4+ Kf6 48. Rg4 Rc3 49. Rf4+ Kg7 50. Rg4 Rc5 51. Rd4 0-1

[Event "Winnipeg TNT July op"]
[Site "Winnipeg CAN"]
[Date "2013.07.02"]
[Round "1"]
[White "Trueman, Francis"]
[Black "Schulz, Waldemar"]
[Result "0-1"]
[WhiteElo "1484"]
[BlackElo "1969"]
[PlyCount "46"]
[GameId "2160767909339177"]
[EventDate "2013.07.02"]
[EventType "swiss"]
[EventRounds "5"]
[EventCountry "CAN"]
[SourceTitle "EXT 2022"]
[Source "ChessBase"]
[SourceDate "2021.10.06"]
[SourceVersion "1"]
[SourceVersionDate "2021.10.06"]
[SourceQuality "1"]

1. Nf3 d5 2. d3 g6 3. g3 Bg7 4. Bg2 c5 5. c3 Nc6 6. Nbd2 Nf6 7. O-O O-O 8. Re1 e5 9. e4 d4 10. c4 Bd7 11. Nf1 Ne8 12. h4 h5 13. N3h2 Nd6 14. Bf3 f5 15. Bxh5 gxh5 16. Qxh5 Be8 17. Qe2 fxe4 18. h5 exd3 19. Qg4 Bd7 20. Qd1 Qf6 21. f3 Nb4 22. g4 Nc2 23. g5 Qf7 0-1

[Event "Winnipeg TNT July op"]
[Site "Winnipeg CAN"]
[Date "2013.07.02"]
[Round "1"]
[White "Wasserman, Leor"]
[Black "Javate, Larry"]
[Result "1-0"]
[WhiteElo "1961"]
[BlackElo "1411"]
[PlyCount "42"]
[GameId "2160767909339178"]
[EventDate "2013.07.02"]
[EventType "swiss"]
[EventRounds "5"]
[EventCountry "CAN"]
[SourceTitle "EXT 2022"]
[Source "ChessBase"]
[SourceDate "2021.10.06"]
[SourceVersion "1"]
[SourceVersionDate "2021.10.06"]
[SourceQuality "1"]

1. e4 c5 2. Nf3 d6 3. d4 cxd4 4. Nxd4 Nf6 5. Nc3 e5 6. Nf3 Nc6 7. Bc4 h6 8. O-O a6 9. Be3 b5 10. Bb3 b4 11. Nd5 Nxe4 12. Bb6 Qd7 13. Nc7+ Ke7 14. Qd5 Qf5 15. Qxc6 Nf6 16. Rad1 Qd7 17. Nxe5 Qxc6 18. Nxc6+ Kd7 19. Ne5+ Ke7 20. Nxf7 Kd7 21. Rfe1 Be7 1-0

[Event "Winnipeg TNT July op"]
[Site "Winnipeg CAN"]
[Date "2013.07.09"]
[Round "2"]
[White "Javate, Larry"]
[Black "Ma, Derek"]
[Result "0-1"]
[WhiteElo "1411"]
[BlackElo "1738"]
[PlyCount "76"]
[GameId "2160767909339180"]
[EventDate "2013.07.02"]
[EventType "swiss"]
[EventRounds "5"]
[EventCountry "CAN"]
[SourceTitle "EXT 2022"]
[Source "ChessBase"]
[SourceDate "2021.10.06"]
[SourceVersion "1"]
[SourceVersionDate "2021.10.06"]
[SourceQuality "1"]

1. e4 c5 2. Nf3 d6 3. Nc3 Nf6 4. Bc4 e6 5. d3 Nc6 6. Bg5 Be7 7. h3 a6 8. a3 b5 9. Ba2 O-O 10. Be3 d5 11. exd5 exd5 12. Ne2 d4 13. Bd2 Qc7 14. O-O Bb7 15. Ng3 Qd7 16. Nh2 Bd6 17. f4 Rfe8 18. Nf3 Ne7 19. Ng5 Ned5 20. N5e4 Qc7 21. Bxd5 Nxd5 22. Qh5 Nxf4 23. Bxf4 Bxf4 24. Ne2 Be3+ 25. Kh1 Bxe4 26. dxe4 Rxe4 27. Rf3 Rae8 28. Raf1 f6 29. Ng3 R8e5 30. Rf5 g6 31. Qf3 Rxf5 32. Nxf5 gxf5 33. Qxf5 Rf4 34. Qd5+ Qf7 35. Qd8+ Kg7 36. Rd1 Rf2 37. c3 Qb7 38. Rg1 Rxb2 0-1

[Event "Winnipeg TNT July op"]
[Site "Winnipeg CAN"]
[Date "2013.07.09"]
[Round "2"]
[White "Leaden, Bruce"]
[Black "Dykman, Tony"]
[Result "1-0"]
[WhiteElo "1605"]
[BlackElo "1301"]
[PlyCount "73"]
[GameId "2160767909339181"]
[EventDate "2013.07.02"]
[EventType "swiss"]
[EventRounds "5"]
[EventCountry "CAN"]
[SourceTitle "EXT 2022"]
[Source "ChessBase"]
[SourceDate "2021.10.06"]
[SourceVersion "1"]
[SourceVersionDate "2021.10.06"]
[SourceQuality "1"]

1. e4 e6 2. d4 d5 3. Nc3 Bb4 4. Bd2 c5 5. a3 Bxc3 6. bxc3 c4 7. exd5 exd5 8. Nf3 Ne7 9. g3 Qa5 10. Bg2 f6 11. O-O O-O 12. Re1 Nbc6 13. Re3 Re8 14. Bc1 Bd7 15. Qd2 Nc8 16. Nh4 N6e7 17. f4 f5 18. Nf3 Ng6 19. h4 Nd6 20. Bb2 Re6 21. h5 Nf8 22. Ne5 Ne4 23. Bxe4 fxe4 24. Qh2 Rh6 25. g4 Be8 26. Rf1 Qd8 27. Bc1 Nd7 28. Rh3 Nxe5 29. fxe5 Rf6 30. exf6 Qd7 31. Qf4 Bf7 32. Qg5 g6 33. Qh6 Qxg4+ 34. Kf2 Qf5+ 35. Ke2 Qxf6 36. Rxf6 b5 37. hxg6 1-0

[Event "Winnipeg TNT July op"]
[Site "Winnipeg CAN"]
[Date "2013.07.09"]
[Round "2"]
[White "Lipnowski, Samuel"]
[Black "Wasserman, Leor"]
[Result "0-1"]
[WhiteElo "2248"]
[BlackElo "1961"]
[PlyCount "36"]
[GameId "2160767909339182"]
[EventDate "2013.07.02"]
[EventType "swiss"]
[EventRounds "5"]
[EventCountry "CAN"]
[SourceTitle "EXT 2022"]
[Source "ChessBase"]
[SourceDate "2021.10.06"]
[SourceVersion "1"]
[SourceVersionDate "2021.10.06"]
[SourceQuality "1"]

1. e4 e5 2. Nf3 Nc6 3. Bb5 f5 4. exf5 e4 5. Qe2 d5 6. Nd4 Qf6 7. Qh5+ g6 8. fxg6 hxg6 9. Qxd5 Nge7 10. Qc4 Bg7 11. Nxc6 bxc6 12. Ba6 Rf8 13. O-O Be6 14. Qe2 Qh4 15. Re1 Bd4 16. Qxe4 Bxf2+ 17. Kh1 Qxh2+ 18. Kxh2 Rh8+ 0-1

[Event "Winnipeg TNT July op"]
[Site "Winnipeg CAN"]
[Date "2013.07.09"]
[Round "2"]
[White "Mundwiler, Les"]
[Black "Atem, James"]
[Result "0-1"]
[WhiteElo "2033"]
[BlackElo "1805"]
[PlyCount "112"]
[GameId "2160767909339183"]
[EventDate "2013.07.02"]
[EventType "swiss"]
[EventRounds "5"]
[EventCountry "CAN"]
[SourceTitle "EXT 2022"]
[Source "ChessBase"]
[SourceDate "2021.10.06"]
[SourceVersion "1"]
[SourceVersionDate "2021.10.06"]
[SourceQuality "1"]

1. d4 c6 2. c4 e6 3. a3 Be7 4. Nc3 Nf6 5. Nf3 d5 6. e3 Nbd7 7. Bd3 Qc7 8. Qe2 a6 9. c5 e5 10. e4 exd4 11. exd5 Nxc5 12. Nxd4 Nxd3+ 13. Qxd3 cxd5 14. O-O O-O 15. h3 Qc4 16. Rd1 Bc5 17. Bf4 Re8 18. Nf3 Qxd3 19. Rxd3 Bf5 20. Rd2 Ne4 21. Rxd5 Bxf2+ 22. Kf1 Nxc3 23. Rxf5 Ne4 24. Rd1 Bg3 25. Bc1 Bc7 26. Rfd5 Ng3+ 27. Kg1 Rac8 28. Bg5 h6 29. Bh4 Re2 30. Bxg3 Bxg3 31. Rd8+ Rxd8 32. Rxd8+ Kh7 33. Rd2 Rxd2 34. Nxd2 Kg6 35. Kf1 Kf5 36. Ke2 Be5 37. b3 Kf4 38. Nf1 Ke4 39. Nd2+ Kd4 40. Nf3+ Ke4 41. Nd2+ Kf4 42. Nf1 b5 43. Kd3 Bb2 44. a4 bxa4 45. bxa4 Ke5 46. Kc4 Ke4 47. Kc5 a5 48. Nd2+ Kd3 49. Nc4 Bc3 50. Kb5 f5 51. Nxa5 Ke2 52. Nc6 Kf2 53. Nb4 Kxg2 54. a5 f4 55. a6 Bd4 56. Nd3 f3 0-1

[Event "Winnipeg TNT July op"]
[Site "Winnipeg CAN"]
[Date "2013.07.09"]
[Round "2"]
[White "Rutter, Blair"]
[Black "Green, Jim"]
[Result "1-0"]
[WhiteElo "1853"]
[BlackElo "1791"]
[PlyCount "111"]
[GameId "2160767909339184"]
[EventDate "2013.07.02"]
[EventType "swiss"]
[EventRounds "5"]
[EventCountry "CAN"]
[SourceTitle "EXT 2022"]
[Source "ChessBase"]
[SourceDate "2021.10.06"]
[SourceVersion "1"]
[SourceVersionDate "2021.10.06"]
[SourceQuality "1"]

1. c4 b6 2. e4 Bb7 3. Nc3 e6 4. d4 Bb4 5. Bd3 Nf6 6. Qc2 Nc6 7. Nge2 Bxc3+ 8. bxc3 d6 9. O-O Qd7 10. Bg5 h6 11. Bxf6 gxf6 12. Ng3 O-O-O 13. a4 a5 14. Nh5 Qe7 15. f4 Nb8 16. Rab1 Nd7 17. Qe2 Rhg8 18. Rf2 Rde8 19. e5 f5 20. c5 dxc5 21. Ba6 cxd4 22. Bxb7+ Kxb7 23. cxd4 Rd8 24. Qb5 Ka7 25. Rc1 Nb8 26. Nf6 Rg6 27. d5 Na6 28. Rfc2 Rxf6 29. exf6 Qd7 30. Qxd7 Rxd7 31. dxe6 fxe6 32. Rc6 Nc5 33. R1xc5 bxc5 34. Rxc5 Kb6 35. Re5 Rf7 36. Rxe6+ c6 37. Kf2 Kc5 38. Ke3 Kb4 39. Rxc6 Kxa4 40. Rb6 Rd7 41. Kf3 Rd3+ 42. Kf2 Rd7 43. Kg3 Ka3 44. Kh4 a4 45. Kh5 Ka2 46. Kxh6 a3 47. Kg6 Ka1 48. Ra6 a2 49. Rxa2+ Kxa2 50. f7 Rd2 51. f8=Q Rxg2+ 52. Kxf5 Rxh2 53. Qa8+ Kb3 54. Qd5+ Kb2 55. Kg4 Ka1 56. f5 1-0

[Event "Winnipeg TNT July op"]
[Site "Winnipeg CAN"]
[Date "2013.07.09"]
[Round "2"]
[White "Schulz, Waldemar"]
[Black "Melamedoff, Gustavo"]
[Result "1-0"]
[WhiteElo "1969"]
[BlackElo "2115"]
[PlyCount "87"]
[GameId "2160767909339185"]
[EventDate "2013.07.02"]
[EventType "swiss"]
[EventRounds "5"]
[EventCountry "CAN"]
[SourceTitle "EXT 2022"]
[Source "ChessBase"]
[SourceDate "2021.10.06"]
[SourceVersion "1"]
[SourceVersionDate "2021.10.06"]
[SourceQuality "1"]

1. d4 e6 2. c4 Nf6 3. g3 c5 4. Nf3 cxd4 5. Nxd4 Bb4+ 6. Bd2 Bc5 7. Nb3 Be7 8. Bg2 d5 9. cxd5 exd5 10. O-O O-O 11. Nc3 Nc6 12. Rc1 Be6 13. Na4 d4 14. Nac5 Bxb3 15. Qxb3 Bxc5 16. Rxc5 Qb6 17. Rb5 Qa6 18. Rxb7 Rac8 19. Re1 Ne5 20. Rb5 Qe6 21. Qxe6 fxe6 22. Rxe5 Rc2 23. Bf4 Ng4 24. Rxe6 d3 25. exd3 g5 26. R6e2 Rxe2 27. Rxe2 gxf4 28. gxf4 Rxf4 29. Re4 Rxe4 30. dxe4 Kf7 31. Bf3 Ne5 32. Be2 Kf6 33. Kg2 Kg5 34. Kg3 Ng6 35. f4+ Kf6 36. e5+ Ke6 37. Bc4+ Ke7 38. Kg4 h6 39. Bd3 Nf8 40. f5 Nd7 41. f6+ Kf8 42. Kf5 Nc5 43. Bc4 a5 44. e6 1-0

[Event "Winnipeg TNT July op"]
[Site "Winnipeg CAN"]
[Date "2013.07.09"]
[Round "2"]
[White "Swift, Ryne"]
[Black "De Groot, Steven"]
[Result "1/2-1/2"]
[WhiteElo "1934"]
[BlackElo "1995"]
[PlyCount "112"]
[GameId "2160767909339186"]
[EventDate "2013.07.02"]
[EventType "swiss"]
[EventRounds "5"]
[EventCountry "CAN"]
[SourceTitle "EXT 2022"]
[Source "ChessBase"]
[SourceDate "2021.10.06"]
[SourceVersion "1"]
[SourceVersionDate "2021.10.06"]
[SourceQuality "1"]

1. e4 c5 2. Nf3 d6 3. d4 cxd4 4. Nxd4 Nf6 5. Nc3 a6 6. f3 e5 7. Nb3 Be7 8. Be3 Be6 9. Qd2 Nbd7 10. Be2 Qc7 11. O-O O-O 12. Rfd1 b5 13. Rac1 Nb6 14. Bxb6 Qxb6+ 15. Kh1 Bc4 16. Nd5 Nxd5 17. exd5 a5 18. Rb1 Rfc8 19. Bxc4 Rxc4 20. c3 Rac8 21. Rbc1 a4 22. Na1 h6 23. Qe1 Bg5 24. Rc2 b4 25. a3 b3 26. Re2 R8c5 27. Re4 Qb5 28. Qf1 f5 29. Rxc4 Qxc4 30. Qxc4 Rxc4 31. Kg1 Kf7 32. Kf2 Kf6 33. g3 h5 34. Ke2 h4 35. Kd3 Rc5 36. c4 e4+ 37. Kc3 exf3 38. Rf1 hxg3 39. hxg3 f4 40. gxf4 Bxf4 41. Kb4 Ke5 42. Rxf3 Ke4 43. Rf1 g5 44. Kxa4 Rxc4+ 45. Kxb3 Rc1 46. Rxc1 Bxc1 47. Kc2 g4 48. Kd1 Bxb2 49. Nc2 Kd3 50. Nb4+ Ke3 51. Ke1 Kf3 52. Kf1 g3 53. Nc2 Bc3 54. a4 Ba5 55. Nd4+ Ke4 56. Ne2 Kxd5 1/2-1/2

[Event "Winnipeg TNT July op"]
[Site "Winnipeg CAN"]
[Date "2013.07.09"]
[Round "2"]
[White "Towns, Barry"]
[Black "Trueman, Francis"]
[Result "0-1"]
[WhiteElo "1721"]
[BlackElo "1484"]
[PlyCount "45"]
[GameId "2160767909339187"]
[EventDate "2013.07.02"]
[EventType "swiss"]
[EventRounds "5"]
[EventCountry "CAN"]
[SourceTitle "EXT 2022"]
[Source "ChessBase"]
[SourceDate "2021.10.06"]
[SourceVersion "1"]
[SourceVersionDate "2021.10.06"]
[SourceQuality "1"]

1. e4 d6 2. d4 Nf6 3. Bc4 Nxe4 4. Qf3 Nf6 5. Nh3 Nc6 6. O-O Nxd4 7. Qd3 e5 8. f4 Bf5 9. Qd1 Nxc2 10. fxe5 dxe5 11. Ng5 Qxd1 12. Rxd1 Bc5+ 13. Kf1 O-O 14. Nxf7 Rxf7 15. Bg5 Nxa1 16. Na3 Bxa3 17. bxa3 Nc2 18. h3 Kf8 19. Bxf7 Kxf7 20. g4 Be6 21. Rc1 Bc4+ 22. Kg1 Bd3 23. Rb1 0-1

[Event "Winnipeg TNT July op"]
[Site "Winnipeg CAN"]
[Date "2013.07.16"]
[Round "3"]
[White "Atem, James"]
[Black "Swift, Ryne"]
[Result "0-1"]
[WhiteElo "1805"]
[BlackElo "1934"]
[PlyCount "30"]
[GameId "2160767909339188"]
[EventDate "2013.07.02"]
[EventType "swiss"]
[EventRounds "5"]
[EventCountry "CAN"]
[SourceTitle "EXT 2022"]
[Source "ChessBase"]
[SourceDate "2021.10.06"]
[SourceVersion "1"]
[SourceVersionDate "2021.10.06"]
[SourceQuality "1"]

1. e4 e5 2. Bc4 Nf6 3. Qf3 c6 4. h3 Bc5 5. Ne2 d6 6. O-O O-O 7. a4 a5 8. c3 d5 9. exd5 cxd5 10. Bb5 Nc6 11. Ng3 Qc7 12. d3 Re8 13. Bg5 e4 14. Qd1 Qxg3 15. Bxf6 Bxh3 0-1

[Event "Winnipeg TNT July op"]
[Site "Winnipeg CAN"]
[Date "2013.07.16"]
[Round "3"]
[White "De Groot, Steven"]
[Black "Rutter, Blair"]
[Result "0-1"]
[WhiteElo "1995"]
[BlackElo "1853"]
[PlyCount "58"]
[GameId "2160767909339189"]
[EventDate "2013.07.02"]
[EventType "swiss"]
[EventRounds "5"]
[EventCountry "CAN"]
[SourceTitle "EXT 2022"]
[Source "ChessBase"]
[SourceDate "2021.10.06"]
[SourceVersion "1"]
[SourceVersionDate "2021.10.06"]
[SourceQuality "1"]

1. c4 g6 2. Nc3 Bg7 3. d4 e6 4. e4 d6 5. Nf3 Ne7 6. Bg5 O-O 7. Qd2 Nd7 8. Bh6 a6 9. Bxg7 Kxg7 10. h4 f5 11. Ng5 Nf6 12. Bd3 h6 13. Nf3 fxe4 14. Nxe4 Nf5 15. O-O-O b5 16. h5 bxc4 17. Nxf6 Qxf6 18. Bxc4 g5 19. Qa5 Rf7 20. Rhe1 g4 21. Re4 gxf3 22. Rg4+ Kf8 23. Rg6 Qh4 24. gxf3 Qf4+ 25. Kb1 d5 26. Rg4 Qxf3 27. Rdg1 dxc4 28. Rg8+ Ke7 29. Qc5+ Kd7 0-1

[Event "Winnipeg TNT July op"]
[Site "Winnipeg CAN"]
[Date "2013.07.16"]
[Round "3"]
[White "Green, Jim"]
[Black "Trueman, Francis"]
[Result "1-0"]
[WhiteElo "1791"]
[BlackElo "1484"]
[PlyCount "54"]
[GameId "2160767909339190"]
[EventDate "2013.07.02"]
[EventType "swiss"]
[EventRounds "5"]
[EventCountry "CAN"]
[SourceTitle "EXT 2022"]
[Source "ChessBase"]
[SourceDate "2021.10.06"]
[SourceVersion "1"]
[SourceVersionDate "2021.10.06"]
[SourceQuality "1"]

1. e4 d6 2. d4 Nf6 3. f3 g6 4. Be3 Bg7 5. Nc3 O-O 6. Qd2 e5 7. Bc4 exd4 8. Bxd4 Nc6 9. Be3 Qe7 10. O-O-O Be6 11. Bb3 Bxb3 12. axb3 Nd7 13. Bh6 Qe5 14. Bxg7 Kxg7 15. Nd5 Rfc8 16. h4 a5 17. h5 gxh5 18. g4 Nf6 19. Nxf6 Qxf6 20. Rxh5 Kh8 21. Rf5 Qe6 22. Qc3+ Ne5 23. f4 Qh6 24. Kb1 f6 25. fxe5 dxe5 26. Rh5 Qg6 27. Rd7 a4 1-0